| 000 | 01246cam a22002533a 4500 | ||
|---|---|---|---|
| 001 | 17861 | ||
| 003 | PGUSA | ||
| 005 | 20140828083400.0 | ||
| 008 | 060226s2006||||xxu|||||s|||||000 | eng d | ||
| 040 |
_aPGUSA _beng |
||
| 042 | _adc | ||
| 050 | 4 | _aD501 | |
| 100 | 1 |
_aMaeterlinck, Maurice, _d1862-1949 |
|
| 245 | 1 | 4 |
_aThe Wrack of the Storm _h[electronic resource] / _cMaurice Maeterlinck |
| 260 |
_bProject Gutenberg, _c2006 |
||
| 505 | 0 | _aAfter the victory -- King Albert -- The hostage cities -- To save four cities -- Pro patria: I -- Heroism -- Pro patria: II -- Pro patria: III -- Belgium's flag day -- On the death of a little soldier -- The hour of destiny -- In Italy -- On rereading Thucydides -- The dead do not die -- In memoriam -- Supernatural communications in war-time -- Edith Cavell -- The life of the dead -- The war and the prophets -- The will of earth -- For Poland -- The might of the dead -- When the war is over -- The massacre of the innocents. | |
| 506 | _aPublic domain in the USA. | ||
| 516 | _aElectronic text | ||
| 653 | _aWorld War, 1914-1918 | ||
| 700 | 1 |
_aTeixeira de Mattos, Alexander, _d1865-1921 |
|
| 830 | 0 |
_aProject Gutenberg _v17861 |
|
| 856 | 4 | 0 | _uhttp://www.gutenberg.org/ebooks/17861 |
| 942 | _cEB | ||
| 999 |
_c247116 _d247116 |
||